000
00324nam a22001337a 4500
008
181121b xxu||||| |||| 00| 0 eng d
020
_a
9780393919578
041
_a
eng
080
_a
370
100
_a
48
101
_a
EDU
245
_a
The Norton Field Guide To Writing With Readings
_c
Bullock.R
942
_2
udc
_c
BK
999
_c
52254
_d
52254